Statistiche per Elenca la formazione - Quiz n°122

Clicka qui per fare il quiz!

Statistiche generali

  • Questo quiz è stato fatto 13 volte
  • Il punteggio medio è 8 su 11

Statistiche sulle risposte

RuoloNazioneCalciatore% Corretto
DifensoreItaliaAndrea Barzagli
100%
CentrocampistaItaliaClaudio Marchisio
100%
PortiereItaliaGianluigi Buffon
100%
DifensoreItaliaGiorgio Chiellini
100%
DifensoreItaliaLeonardo Bonucci
100%
AttaccanteItaliaAlessandro Matri
92%
CentrocampistaSerbiaMiloš Krasić
62%
CentrocampistaBrasileFelipe Melo
38%
DifensoreDanimarcaFrederik Sørensen
38%
AttaccanteItaliaLuca Toni
31%
CentrocampistaItaliaAlberto Aquilani
15%

Distribuzione punteggi

Percentile per numero di risposta

Percentuale di utenti per punteggio

I tuoi punteggi nel tempo

Non hai fatto questo quiz